Análisis y evaluación de tanques sépticos mejorados en suelos de baja capacidad de filtración hidráulica
Gardado en:
| Autor Principal: | |
|---|---|
| Formato: | Libro |
| Idioma: | Spanish |
| Publicado: |
[San José ], Costa Rica
2018
|
| Materias: | |
| Etiquetas: |
Engadir etiqueta
Sen Etiquetas, Sexa o primeiro en etiquetar este rexistro!
|
MARC
| LEADER | 00000nam a22000007a 4500 | ||
|---|---|---|---|
| 003 | 012919 | ||
| 005 | 20221231144348.0 | ||
| 008 | 180911b2018 cr a|||| m||| 00| ||spa d | ||
| 040 | |c cru CEDI | ||
| 090 | |a TFG 8071 | ||
| 100 | |9 13823 |a García León, Fernando | ||
| 245 | |a Análisis y evaluación de tanques sépticos mejorados en suelos de baja capacidad de filtración hidráulica | ||
| 260 | |a [San José ], Costa Rica |c 2018 | ||
| 300 | |a iv, 270 hojas :ilustraciones a color | ||
| 500 | |a Proyecto de graduación (licenciatura en ingeniería civil)--Universidad de Costa Rica. Facultad de Ingeniería. Escuela de Ingeniería Civil | ||
| 501 | |a Directora del Proyecto: Ing. Paola Vidal Rivera | ||
| 650 | |x TANQUES SEPTICOS |x AGUAS RESIDUALES |9 13824 | ||
| 942 | |c TFG | ||
| 999 | |c 20747 |d 20747 | ||
